<?xml version="1.0" encoding="UTF-8"?>
<record
    xmlns:xsi="http://www.w3.org/2001/XMLSchema-instance"
    xsi:schemaLocation="http://www.loc.gov/MARC21/slim http://www.loc.gov/standards/marcxml/schema/MARC21slim.xsd"
    xmlns="http://www.loc.gov/MARC21/slim">

  <leader>01304nam a22002657a 4500</leader>
  <controlfield tag="003">OSt</controlfield>
  <controlfield tag="005">20211210122337.0</controlfield>
  <controlfield tag="008">120530t        xxu||||| |||| 00| 0 eng d</controlfield>
  <datafield tag="020" ind1=" " ind2=" ">
    <subfield code="a">9781308255521</subfield>
  </datafield>
  <datafield tag="040" ind1=" " ind2=" ">
    <subfield code="c">LC</subfield>
  </datafield>
  <datafield tag="050" ind1=" " ind2=" ">
    <subfield code="a">HF5415.123.W87</subfield>
  </datafield>
  <datafield tag="100" ind1=" " ind2=" ">
    <subfield code="q">Wood, Charles M.</subfield>
  </datafield>
  <datafield tag="245" ind1=" " ind2=" ">
    <subfield code="a">Integrated marketing communications. /</subfield>
    <subfield code="c">Charles M. Wood</subfield>
  </datafield>
  <datafield tag="246" ind1=" " ind2=" ">
    <subfield code="a">MKTG 3033: Fall 2014</subfield>
  </datafield>
  <datafield tag="260" ind1=" " ind2=" ">
    <subfield code="a">London, Ontario:</subfield>
    <subfield code="b">Ivey Business School, </subfield>
    <subfield code="c">2014.</subfield>
  </datafield>
  <datafield tag="300" ind1=" " ind2=" ">
    <subfield code="a">v, 449 p.:</subfield>
    <subfield code="b">ill.;</subfield>
  </datafield>
  <datafield tag="500" ind1=" " ind2=" ">
    <subfield code="a">Includes glossary.</subfield>
  </datafield>
  <datafield tag="505" ind1=" " ind2=" ">
    <subfield code="a">Contents: An introduction to Integrated marketing communications -- Brands and brand relationships -- Establishing objectives and budgeting for the promotional program -- Measurement, evaluation and effectiveness -- Creative strategy: planning and development: principles of two-dimensional design -- Media planning and strategy -- Direct marketing -- The internet and interactive media -- Online advertising/search engine marketing -- Social media marketing -- Web analytics -- Sales promotion -- Evaluating the social, ethical and economic aspects of advertising and promotion -- </subfield>
  </datafield>
  <datafield tag="653" ind1=" " ind2=" ">
    <subfield code="a">Marketing</subfield>
  </datafield>
  <datafield tag="653" ind1=" " ind2=" ">
    <subfield code="a"> Communication in marketing</subfield>
  </datafield>
  <datafield tag="653" ind1=" " ind2=" ">
    <subfield code="a">Marketing channels </subfield>
  </datafield>
  <datafield tag="653" ind1=" " ind2=" ">
    <subfield code="a">Sales promotion</subfield>
  </datafield>
  <datafield tag="710" ind1=" " ind2=" ">
    <subfield code="e">University of Tulsa</subfield>
  </datafield>
  <datafield tag="942" ind1=" " ind2=" ">
    <subfield code="2">lcc</subfield>
    <subfield code="c">BK</subfield>
  </datafield>
  <datafield tag="999" ind1=" " ind2=" ">
    <subfield code="c">8242</subfield>
    <subfield code="d">15742</subfield>
  </datafield>
  <datafield tag="952" ind1=" " ind2=" ">
    <subfield code="0">0</subfield>
    <subfield code="1">0</subfield>
    <subfield code="2">lcc</subfield>
    <subfield code="4">0</subfield>
    <subfield code="7">0</subfield>
    <subfield code="a">WIUC-KL</subfield>
    <subfield code="b">WIUC-KL</subfield>
    <subfield code="c">GEN</subfield>
    <subfield code="d">2019-11-13</subfield>
    <subfield code="h">INT/Woo</subfield>
    <subfield code="o">HF5415.123.W87</subfield>
    <subfield code="p">K/2093/2093/19</subfield>
    <subfield code="r">2021-12-09 00:00:00</subfield>
    <subfield code="w">2021-12-09</subfield>
    <subfield code="y">BK</subfield>
    <subfield code="z">Part of the Ivey Collection. Shelved alphabetically by title </subfield>
  </datafield>
</record>
